000
00273nam a2200109Ia 4500
008
190216s9999||||xx |||||||||||||| ||und||
100
_a
Muhamed Iqbal
245
0
_a
Matha Chindakalude Puna Samvidanam
260
_b
Bhasha Institute
650
_a
Islamic History
942
_c
BK
999
_c
22121
_d
22121